Duolingo languages - Statistics

General Stats
  • This quiz has been taken 96 times
  • The average score is 26 of 39
Answer Stats
Answer % Correct
Spanish
99%
French
97%
German
96%
Italian
94%
Chinese
91%
Russian
91%
Japanese
90%
Arabic
87%
Korean
85%
Dutch
82%
Swedish
82%
Norwegian
79%
Hindi
78%
Danish
77%
Finnish
77%
Greek
77%
Polish
73%
Turkish
73%
Ukrainian
72%
Irish
69%
Romanian
69%
Czech
67%
Vietnamese
65%
Hungarian
64%
Hebrew
62%
Swahili
60%
Indonesian
59%
Portuguese
58%
Latin
53%
Zulu
51%
Welsh
49%
Scottish Gaelic
44%
Hawaiian
42%
Yiddish
41%
Klingon
40%
Navajo
40%
Esperanto
27%
Haitian Creole
24%
High Valyrian
21%
No matching quizzes found
Score Distribution
Percent of People with Each Score
Percentile by Number Answered
Your Score History
You have not taken this quiz